00547nam a2200169Ia 4500008004100000020001500041082001800056100000500074245005200079250000600131260006200137300000800199700002400207942001300231999001700244952011600261140316s9999 xx 000 0 und d a8123003714 a923.2bGOV/JA a aJawaharlal nehru : selected speeches. 1949-1953 a6 aNew DelhibMinistry of information and broadcastingc1996 a600 aGovernment of India 2ddccREF c18413d18413 00102ddc4070aKAUCLVbKAUCLVcREFd2014-03-18l0o923.2 GOV/JAp204156r2014-03-18 00:00:00w2014-03-18yREF